000
00332nam a2200133Ia 4500
008
150731s2009 xx 000 0 und d
082
_a
615.53
_b
I 09 L
100
_a
LUWS,D S.
245
_a
AN INTRODUTION TO NIGHANTU OF AYURVEDA
250
_a
1 ST
260
_b
CHAUKHAMBHA PUB. NEW DELHI
_c
2009
300
_a
255
942
_2
ddc
_c
BK
999
_c
7844
_d
7844